Normal view
MARC view
Entry Personal Name
001 - CONTROL NUMBER
- control field: 1162246
003 - CONTROL NUMBER IDENTIFIER
- control field: OSt
005 - DATE AND TIME OF LATEST TRANSACTION
- control field: 20260324121351.0
008 - FIXED-LENGTH DATA ELEMENTS
- fixed length control field: 260324|| aca||aabn | a|a d
040 ## - CATALOGING SOURCE
- Original cataloging agency: OSt
- Transcribing agency: OSt
100 ## - HEADING--PERSONAL NAME
- Personal name: Timothy G. Fehler; Greta Grace Kroeker; Charles H. Parker; Jonathan Ray
670 ## - SOURCE DATA FOUND
- Source citation: Work cat.: (OSt)1754300: Timothy G. Fehler; Greta Grace Kroeker; Charles H. Parker; Jonathan Ray, Religious Diaspora in Early Modern Europe
